Soccer halfback / (Record no. 3485)

MARC details
000 -LEADER
fixed length control field 00716nam a22002417a 4500
001 - CONTROL NUMBER
control field 3485
003 - CONTROL NUMBER IDENTIFIER
control field FISKH
005 - DATE AND TIME OF LATEST TRANSACTION
control field 20240312144255.0
008 - FIXED-LENGTH DATA ELEMENTS--GENERAL INFORMATION
fixed length control field 240312b cb ||||| |||| 00| 0 eng d
040 ## - CATALOGING SOURCE
Original cataloging agency FISK
Language of cataloging eng
Transcribing agency FISK
Modifying agency FISK
050 ## - LIBRARY OF CONGRESS CALL NUMBER
Classification number PZ7.C458
082 ## - DEWEY DECIMAL CLASSIFICATION NUMBER
Classification number 823
100 ## - MAIN ENTRY--PERSONAL NAME
Personal name Christopher Matt
Dates associated with a name 1917-1997
245 ## - TITLE STATEMENT
Title Soccer halfback /
Statement of responsibility, etc. Matt Christopher
260 ## - PUBLICATION, DISTRIBUTION, ETC.
Place of publication, distribution, etc. Canada :
Name of publisher, distributor, etc. Little, brown company limited,
Date of publication, distribution, etc. 1978
300 ## - PHYSICAL DESCRIPTION
Extent 182 pages :
Other physical details illustrations,
Dimensions 19 cm
505 ## - FORMATTED CONTENTS NOTE
Formatted contents note M
520 ## - SUMMARY, ETC.
Summary, etc. A young boy is pressured by his family to abandon his promising soccer career for football.
521 8# - TARGET AUDIENCE NOTE
Target audience note 730
Source Lexile
700 ## - ADDED ENTRY--PERSONAL NAME
Personal name Matt Christopher
942 ## - ADDED ENTRY ELEMENTS (KOHA)
Source of classification or shelving scheme Dewey Decimal Classification
Koha item type Books
Suppress in OPAC No
Holdings
Withdrawn status Lost status Source of classification or shelving scheme Damaged status Not for loan Collection Home library Current library Shelving location Date acquired Total Checkouts Full call number Barcode Date last seen Copy number Price effective from Koha item type
    Dewey Decimal Classification     Fiction Footprints International School Library Network Toul Kork Campus Footprints International School Library Network Toul Kork Campus   03/12/2024   HAL PZ7.C458 823 2024-0308 03/12/2024 1 03/12/2024 Books